| 000 | 00435nam a2200169Ia 4500 | ||
|---|---|---|---|
| 008 | 230917s9999||||xx |||||||||||||| ||und|| | ||
| 020 | _cRS1695 | ||
| 040 |
_e255075 _aMAIN |
||
| 041 | _aEnglish | ||
| 082 | _a300.072 R51M | ||
| 100 | _aRita | ||
| 245 | 0 | _aMethodology of research | |
| 260 |
_aNew Delhi _bShri Sai Printographers _c2017 |
||
| 300 | _a288 p. | ||
| 500 | _a3446 11/03/2019 FP19/169 18/03/2019 UGC Grant | ||
| 942 | _cBK | ||
| 999 |
_c30854 _d30854 |
||